000 01173nam a22003137a 4500
003 CHAP
005 20220329143514.0
008 100309s2008 mx rs o00110 spa d
010 _a97702
011 _a98674
020 _a9789701350553
035 _a109359
040 _cCHAP
082 0 4 _a310.972
_bIn31 2007
110 2 _aForo Nacional de estadística (
_n22:
_d2007:
_cQuerétaro, Qro.)
_942492
245 1 0 _aMemorias del Foro Nacional de Estadística (22o.)
_c/por Instituto Nacional de Estadística, Geografía e Informática
260 _aAguascalientes, Ags. :
_bINEGI,
_cc2008
300 _avii, 134 p. :
_bgráfs., cuadros
590 _aBATCH-UPD
_b10
_c20130110
_lUCH01
_h1417
590 _aBATCH-UPD
_b10
_c20130410
_lUCH01
_h0901
590 _aBATCH-UPD
_b10
_c20130914
_lUCH01
_h0424
590 _aCONVERSION
_b10
_c20130109
_lUCH01
_h1354
650 1 4 _aEstadística
_xCongresos.
_938245
710 0 _aAsociación Mexicana de Estadística.
_98045
710 2 _aInstituto Nacional de Estadística, Geografía e Informática. México.
_959304
901 _aBK
942 _cLIBRO
949 _a310.972 In31 2007
_bBC
_cINEGI
_d33724002161520
_eINEGI
_h112019
_i109359
_sb
999 _c97702
_d97702